Countries that Speak Afrikaans - Statistics

General Stats
  • This quiz has been taken 48 times
  • The average score is 6 of 9
Answer Stats
Countries % Correct
South Africa
98%
Namibia
90%
Netherlands
74%
United Kingdom
71%
Germany
69%
United States of America
67%
Australia
64%
Belgium
60%
Argentina
24%
No matching quizzes found
Score Distribution
Percent of People with Each Score
Percentile by Number Answered
Your Score History
You have not taken this quiz